<?xml version="1.0" encoding="UTF-8"?>
<record
    xmlns:xsi="http://www.w3.org/2001/XMLSchema-instance"
    xsi:schemaLocation="http://www.loc.gov/MARC21/slim http://www.loc.gov/standards/marcxml/schema/MARC21slim.xsd"
    xmlns="http://www.loc.gov/MARC21/slim">

  <leader>01185nam a2200253Ia 4500</leader>
  <controlfield tag="003">GCL</controlfield>
  <controlfield tag="005">20240530104721.0</controlfield>
  <controlfield tag="008">140319s1997    ua            000 0 ara d</controlfield>
  <datafield tag="020" ind1=" " ind2=" ">
    <subfield code="a">949623597</subfield>
  </datafield>
  <datafield tag="040" ind1=" " ind2=" ">
    <subfield code="a">GCL / </subfield>
    <subfield code="c">GCL</subfield>
  </datafield>
  <datafield tag="082" ind1="0" ind2="4">
    <subfield code="a">922.1/</subfield>
    <subfield code="b">&#x645; &#x634;</subfield>
  </datafield>
  <datafield tag="100" ind1=" " ind2=" ">
    <subfield code="a">&#x639;&#x627;&#x637;&#x641; &#x627;&#x644;&#x639;&#x631;&#x627;&#x642;&#x649;</subfield>
  </datafield>
  <datafield tag="110" ind1="1" ind2=" ">
    <subfield code="a">&#x627;&#x644;&#x645;&#x62C;&#x644;&#x633; &#x627;&#x644;&#x627;&#x639;&#x644;&#x649; &#x644;&#x644;&#x62B;&#x642;&#x627;&#x641;&#x629; :</subfield>
    <subfield code="b">&#x644;&#x62C;&#x646;&#x629; &#x627;&#x644;&#x641;&#x644;&#x633;&#x641;&#x629; &#x648;&#x627;&#x644;&#x627;&#x62C;&#x62A;&#x645;&#x627;&#x639;</subfield>
  </datafield>
  <datafield tag="245" ind1="1" ind2="2">
    <subfield code="a">&#x627;&#x644;&#x634;&#x64A;&#x62E; &#x645;&#x62D;&#x645;&#x62F; &#x639;&#x628;&#x62F;&#x647; 1849 - 1905&#x645;  &#x645;&#x641;&#x643;&#x631;&#x627; &#x639;&#x631;&#x628;&#x64A;&#x627; &#x648;&#x631;&#x627;&#x626;&#x62F;&#x627; &#x644;&#x644;&#x627;&#x635;&#x644;&#x627;&#x62D; &#x627;&#x644;&#x62F;&#x64A;&#x646;&#x649; &#x648;&#x627;&#x644;&#x627;&#x62C;&#x62A;&#x645;&#x627;&#x639;&#x649; : </subfield>
    <subfield code="b">&#x628;&#x62D;&#x648;&#x62B; &#x648;&#x62F;&#x631;&#x627;&#x633;&#x627;&#x62A; &#x639;&#x646; &#x62D;&#x64A;&#x627;&#x62A;&#x647; &#x648;&#x627;&#x641;&#x643;&#x627;&#x631;&#x647; / </subfield>
    <subfield code="c">&#x627;&#x644;&#x645;&#x62C;&#x644;&#x633; &#x627;&#x644;&#x627;&#x639;&#x644;&#x649; &#x644;&#x644;&#x62B;&#x642;&#x627;&#x641;&#x629; &#x644;&#x62C;&#x646;&#x629; &#x627;&#x644;&#x641;&#x644;&#x633;&#x641;&#x629; &#x648;&#x627;&#x644;&#x627;&#x62C;&#x62A;&#x645;&#x627;&#x639; &#x61B; &#x627;&#x634;&#x631;&#x627;&#x641; &#x648;&#x62A;&#x635;&#x62F;&#x64A;&#x631; &#x639;&#x627;&#x637;&#x641; &#x627;&#x644;&#x639;&#x631;&#x627;&#x642;&#x649;</subfield>
  </datafield>
  <datafield tag="250" ind1=" " ind2=" ">
    <subfield code="a">&#x637;2</subfield>
  </datafield>
  <datafield tag="260" ind1=" " ind2=" ">
    <subfield code="a">&#x627;&#x644;&#x642;&#x627;&#x647;&#x631;&#x629; : </subfield>
    <subfield code="b">&#x627;&#x644;&#x645;&#x62C;&#x644;&#x633; &#x627;&#x644;&#x627;&#x639;&#x644;&#x649; &#x644;&#x644;&#x62B;&#x642;&#x627;&#x641;&#x629; &#x60C; </subfield>
    <subfield code="c">1997.</subfield>
  </datafield>
  <datafield tag="300" ind1=" " ind2=" ">
    <subfield code="a">426 &#x635; &#x61B; </subfield>
    <subfield code="c">24 &#x633;&#x645;</subfield>
  </datafield>
  <datafield tag="490" ind1=" " ind2=" ">
    <subfield code="a">&#x627;&#x644;&#x645;&#x62C;&#x644;&#x633; &#x627;&#x644;&#x627;&#x639;&#x644;&#x649; &#x644;&#x644;&#x62B;&#x642;&#x627;&#x641;&#x629; : &#x644;&#x62C;&#x646;&#x629; &#x627;&#x644;&#x641;&#x644;&#x633;&#x641;&#x629; &#x648;&#x627;&#x644;&#x627;&#x62C;&#x62A;&#x645;&#x627;&#x639;</subfield>
    <subfield code="v">0</subfield>
  </datafield>
  <datafield tag="650" ind1="0" ind2="4">
    <subfield code="a">&#x627;&#x644;&#x641;&#x644;&#x633;&#x641;&#x629; &#x627;&#x644;&#x627;&#x633;&#x644;&#x627;&#x645;&#x64A;&#x629;</subfield>
  </datafield>
  <datafield tag="650" ind1="0" ind2="4">
    <subfield code="a">&#x627;&#x644;&#x641;&#x644;&#x633;&#x641;&#x629;</subfield>
  </datafield>
  <datafield tag="650" ind1="0" ind2="4">
    <subfield code="a">&#x645;&#x62D;&#x645;&#x62F; &#x639;&#x628;&#x62F;&#x647; (&#x627;&#x644;&#x627;&#x645;&#x627;&#x645;)</subfield>
  </datafield>
  <datafield tag="700" ind1="0" ind2=" ">
    <subfield code="a">&#x639;&#x627;&#x637;&#x641; &#x627;&#x644;&#x639;&#x631;&#x627;&#x642;&#x649;</subfield>
    <subfield code="e">&#x645;&#x634;&#x631;&#x641; &#x648;&#x645;&#x635;&#x62F;&#x631;</subfield>
  </datafield>
  <datafield tag="942" ind1=" " ind2=" ">
    <subfield code="2">ddc</subfield>
    <subfield code="c">BK</subfield>
  </datafield>
  <datafield tag="999" ind1=" " ind2=" ">
    <subfield code="c">50104</subfield>
    <subfield code="d">50104</subfield>
  </datafield>
  <datafield tag="952" ind1=" " ind2=" ">
    <subfield code="0">0</subfield>
    <subfield code="1">0</subfield>
    <subfield code="2">ddc</subfield>
    <subfield code="4">0</subfield>
    <subfield code="7">0</subfield>
    <subfield code="a">CAI</subfield>
    <subfield code="b">CAI</subfield>
    <subfield code="d">2014-03-26</subfield>
    <subfield code="l">0</subfield>
    <subfield code="o">922.1\&#x645; &#x634;</subfield>
    <subfield code="p">120137</subfield>
    <subfield code="r">2014-03-26 00:00:00</subfield>
    <subfield code="w">2014-03-26</subfield>
    <subfield code="y">BK</subfield>
  </datafield>
  <datafield tag="952" ind1=" " ind2=" ">
    <subfield code="0">0</subfield>
    <subfield code="1">0</subfield>
    <subfield code="2">ddc</subfield>
    <subfield code="4">0</subfield>
    <subfield code="7">0</subfield>
    <subfield code="a">CAI</subfield>
    <subfield code="b">CAI</subfield>
    <subfield code="d">2014-03-26</subfield>
    <subfield code="l">0</subfield>
    <subfield code="o">922.1\&#x645; &#x634;</subfield>
    <subfield code="p">120138</subfield>
    <subfield code="r">2014-03-26 00:00:00</subfield>
    <subfield code="w">2014-03-26</subfield>
    <subfield code="y">BK</subfield>
  </datafield>
  <datafield tag="952" ind1=" " ind2=" ">
    <subfield code="0">0</subfield>
    <subfield code="1">0</subfield>
    <subfield code="2">ddc</subfield>
    <subfield code="4">0</subfield>
    <subfield code="7">0</subfield>
    <subfield code="a">CAI</subfield>
    <subfield code="b">CAI</subfield>
    <subfield code="d">2014-03-26</subfield>
    <subfield code="l">0</subfield>
    <subfield code="o">922.1\&#x645; &#x634;</subfield>
    <subfield code="p">120139</subfield>
    <subfield code="r">2014-03-26 00:00:00</subfield>
    <subfield code="w">2014-03-26</subfield>
    <subfield code="y">BK</subfield>
  </datafield>
  <datafield tag="952" ind1=" " ind2=" ">
    <subfield code="0">0</subfield>
    <subfield code="1">0</subfield>
    <subfield code="2">ddc</subfield>
    <subfield code="4">0</subfield>
    <subfield code="7">0</subfield>
    <subfield code="a">CAI</subfield>
    <subfield code="b">CAI</subfield>
    <subfield code="d">2014-03-26</subfield>
    <subfield code="l">0</subfield>
    <subfield code="o">922.1\&#x645; &#x634;</subfield>
    <subfield code="p">120140</subfield>
    <subfield code="r">2014-03-26 00:00:00</subfield>
    <subfield code="w">2014-03-26</subfield>
    <subfield code="y">BK</subfield>
  </datafield>
  <datafield tag="952" ind1=" " ind2=" ">
    <subfield code="0">0</subfield>
    <subfield code="1">0</subfield>
    <subfield code="2">ddc</subfield>
    <subfield code="4">0</subfield>
    <subfield code="7">0</subfield>
    <subfield code="a">CAI</subfield>
    <subfield code="b">CAI</subfield>
    <subfield code="d">2014-03-26</subfield>
    <subfield code="l">0</subfield>
    <subfield code="o">922.1\&#x645; &#x634;</subfield>
    <subfield code="p">120141</subfield>
    <subfield code="r">2014-03-26 00:00:00</subfield>
    <subfield code="w">2014-03-26</subfield>
    <subfield code="y">BK</subfield>
  </datafield>
  <datafield tag="952" ind1=" " ind2=" ">
    <subfield code="0">0</subfield>
    <subfield code="1">0</subfield>
    <subfield code="2">ddc</subfield>
    <subfield code="4">0</subfield>
    <subfield code="7">0</subfield>
    <subfield code="a">CAI</subfield>
    <subfield code="b">CAI</subfield>
    <subfield code="d">2014-03-26</subfield>
    <subfield code="l">0</subfield>
    <subfield code="o">922.1\&#x645; &#x634;</subfield>
    <subfield code="p">120142</subfield>
    <subfield code="r">2014-03-26 00:00:00</subfield>
    <subfield code="w">2014-03-26</subfield>
    <subfield code="y">BK</subfield>
  </datafield>
  <datafield tag="952" ind1=" " ind2=" ">
    <subfield code="0">0</subfield>
    <subfield code="1">0</subfield>
    <subfield code="2">ddc</subfield>
    <subfield code="4">0</subfield>
    <subfield code="7">0</subfield>
    <subfield code="a">CAI</subfield>
    <subfield code="b">CAI</subfield>
    <subfield code="d">2014-03-26</subfield>
    <subfield code="l">0</subfield>
    <subfield code="o">922.1\&#x645; &#x634;</subfield>
    <subfield code="p">120143</subfield>
    <subfield code="r">2014-03-26 00:00:00</subfield>
    <subfield code="w">2014-03-26</subfield>
    <subfield code="y">BK</subfield>
  </datafield>
</record>
